00354nam a2200121Ia 4500008004100000041000800041082001600049100003400065245004500099260004800144300002900192365001100221240624s9999 xx 000 0 und d aeng a658.408 HBS aHARVARD BUSINESS SCHOOL PRESS aHARVARD BUSINESS REVIEW ON CORPORATE GOV c2000aBostonbHarvard Business School Press av, : 227 : p. : cm. ; 21 cRSb30